Lịch sử cá nhân luận

Saved in:
Bibliographic Details
Main Author: Alain Laurent
Format: Book
Language:Undetermined
Published: Hà Nội Thế Giới 1999
Subjects:
Tags: Add Tag
No Tags, Be the first to tag this record!
Institutions: Trung tâm Học liệu Trường Đại học Cần Thơ
LEADER 00527nam a2200193Ia 4500
001 CTU_39264
008 210402s9999 xx 000 0 und d
020 |b 9.000đ 
082 |a 320.512 
082 |b L379 
100 |a Alain Laurent 
245 0 |a Lịch sử cá nhân luận 
245 0 |c Alain Laurent 
260 |a Hà Nội 
260 |b Thế Giới 
260 |c 1999 
650 |a individualism,political philosophy 
904 |i Minh, 001107 
980 |a Trung tâm Học liệu Trường Đại học Cần Thơ